=LDR 00000nam 2200000 4500 =001 INLIS000000000036773 =005 20130612142536 =008 ***********************************Ind** =035 ##$$a0010-061300000036773 =041 ##$$a Ind =082 ##$$a 616.81 =090 ##$$a 616.81, Far m =100 ##$$a Farida, Ida =245 ##$$a Mengantisipasi stroke petunjuk mudah, lengkap dan praktis sehari-hari, Ida Farida dan Nila Amala =260 ##$$a 2009 $b Yogyakarta =300 ##$$a 183 hlm, ilus, 21 cm =650 ##$$a Stroke =850 ##$$a NBPNMAT =990 ##$$a 91098/BPAP-NTB/2014